[Event "GBR-ch 99th"]
[Site "North Shields"]
[Date "2012.07.26"]
[Round "4"]
[White "Houska, Jovanka"]
[Black "Ledger, David"]
[Result "1-0"]
[WhiteElo "2406"]
[BlackElo "2246"]
[PlyCount "65"]
[EventDate "2012.07.23"]
[EventType "swiss"]
[EventRounds "11"]
[EventCountry "ENG"]
[Source "John Saunders"]
[SourceDate "2015.07.24"]

1. d4 Nf6 2. Nf3 g6 3. c4 Bg7 4. g3 d6 5. Bg2 O-O 6. O-O Nc6 7. Nc3 Rb8 8. Bf4
Nh5 9. Bg5 h6 10. Be3 a6 11. Rc1 e6 12. d5 Ne7 13. dxe6 Bxe6 14. Ba7 Ra8 15.
Bd4 Nf6 16. c5 Nc6 17. cxd6 Qxd6 18. Be3 Qb4 19. Ne1 Rad8 20. Nd3 Qa5 21. Qe1
Nd5 22. Nxd5 Qxe1 23. Nf6+ Bxf6 24. Rfxe1 Bf5 25. b3 Nd4 26. Bxb7 Bxd3 27. exd3
a5 28. Rxc7 Rfe8 29. Kg2 Nf5 30. Ba6 Bd4 31. Bd2 Rxe1 32. Bxe1 Re8 33. Rc8 1-0

[Event "GBR-ch 99th"]
[Site "North Shields"]
[Date "2012.07.26"]
[Round "4"]
[White "Ledger, Stephen"]
[Black "Chapman, Terry PD"]
[Result "0-1"]
[WhiteElo "2089"]
[BlackElo "2290"]
[PlyCount "42"]
[EventDate "2012.07.23"]
[EventType "swiss"]
[EventRounds "11"]
[EventCountry "ENG"]
[Source "John Saunders"]
[SourceDate "2015.07.24"]

1. d4 d6 2. e4 Nf6 3. Nc3 c6 4. f4 Qa5 5. e5 Ne4 6. Qf3 d5 7. Bd3 Na6 8. Nge2
Nb4 9. Bxe4 dxe4 10. Qxe4 f5 11. exf6 Bf5 12. Qe5 Nxc2+ 13. Kd1 Qxe5 14. fxe5
Nxa1 15. f7+ Kd7 16. Rf1 e6 17. Ng3 Bg6 18. Nce4 Be7 19. b3 Rhf8 20. Bb2 Nxb3
21. axb3 Rxf7 0-1

[Event "GBR-ch 99th"]
[Site "North Shields"]
[Date "2012.07.26"]
[Round "4"]
[White "Lenier, Jude"]
[Black "Burnett, Jim"]
[Result "1/2-1/2"]
[WhiteElo "2016"]
[BlackElo "2174"]
[PlyCount "42"]
[EventDate "2012.07.23"]
[EventType "swiss"]
[EventRounds "11"]
[EventCountry "ENG"]
[Source "John Saunders"]
[SourceDate "2015.07.24"]

1. e4 e6 2. Nf3 d5 3. e5 c5 4. b4 cxb4 5. d4 f6 6. a3 fxe5 7. dxe5 Nc6 8. axb4
Qc7 9. Bf4 Bxb4+ 10. c3 Be7 11. Bd3 Nh6 12. O-O O-O 13. Bxh6 gxh6 14. Re1 Bd7
15. Qd2 Rxf3 16. gxf3 Nxe5 17. Qf4 Bd6 18. Kh1 Kg7 19. Qd4 Kf7 20. Qf4+ Kg7 21.
Qd4 Kf7 1/2-1/2

[Event "GBR-ch 99th"]
[Site "North Shields"]
[Date "2012.07.26"]
[Round "4"]
[White "Mackle, Dominic"]
[Black "Palliser, Richard"]
[Result "1-0"]
[WhiteElo "2130"]
[BlackElo "2482"]
[PlyCount "67"]
[EventDate "2012.07.23"]
[EventType "swiss"]
[EventRounds "11"]
[EventCountry "ENG"]
[Source "John Saunders"]
[SourceDate "2015.07.24"]

1. d4 Nf6 2. c4 e6 3. Nf3 c5 4. d5 d6 5. Nc3 exd5 6. cxd5 g6 7. e4 a6 8. a4 Bg4
9. Be2 Bxf3 10. Bxf3 Bg7 11. O-O O-O 12. Be2 Qe7 13. Qc2 Re8 14. f3 Nbd7 15. a5
Nh5 16. Be3 f5 17. Ra4 f4 18. Bf2 Be5 19. Nb1 Qf6 20. Na3 Bxb2 21. Rb1 Bd4 22.
Bxd4 cxd4 23. Qd2 d3 24. Bxd3 Nc5 25. Rab4 Rac8 26. Bf1 Ng3 27. hxg3 fxg3 28.
Qh6 Re5 29. Qh3 Rh5 30. Qxc8+ Kg7 31. Qg4 Qc3 32. Qf4 b5 33. Nc4 g5 34. Qd2 1-0

[Event "GBR-ch 99th"]
[Site "North Shields"]
[Date "2012.07.26"]
[Round "4"]
[White "Maroroa, Sue Yuchan"]
[Black "Townsend, M Paul"]
[Result "0-1"]
[WhiteElo "2035"]
[BlackElo "2252"]
[PlyCount "50"]
[EventDate "2012.07.23"]
[EventType "swiss"]
[EventRounds "11"]
[EventCountry "ENG"]
[Source "John Saunders"]
[SourceDate "2015.07.24"]

1. e4 e6 2. d4 d5 3. Nd2 c5 4. Ngf3 Nc6 5. exd5 exd5 6. Bb5 Bd6 7. dxc5 Bxc5 8.
O-O Nge7 9. Nb3 Bd6 10. h3 O-O 11. Nbd4 a6 12. Bd3 h6 13. c3 Bc7 14. Bc2 Nxd4
15. Qxd4 Bf5 16. Bxf5 Nxf5 17. Qg4 Qf6 18. Qb4 Bb6 19. Bf4 Rfe8 20. Rfe1 a5 21.
Qb5 Qc6 22. Qd3 Re4 23. Ne5 Bxf2+ 24. Kh1 Qa4 25. b3 Rxe1+ 0-1

[Event "GBR-ch 99th"]
[Site "North Shields"]
[Date "2012.07.26"]
[Round "4"]
[White "Mason, Donald"]
[Black "Jackson, James P"]
[Result "0-1"]
[WhiteElo "2244"]
[BlackElo "2126"]
[PlyCount "70"]
[EventDate "2012.07.23"]
[EventType "swiss"]
[EventRounds "11"]
[EventCountry "ENG"]
[Source "John Saunders"]
[SourceDate "2015.07.24"]

1. e4 c5 2. Nf3 Nc6 3. Bb5 Na5 4. O-O a6 5. Be2 e6 6. c3 Nf6 7. e5 Nd5 8. d4
cxd4 9. c4 Ne7 10. Qxd4 Nac6 11. Qe4 Ng6 12. b3 f5 13. Qe3 Qc7 14. Bb2 b6 15.
Na3 Bc5 16. Qg5 Be7 17. Qe3 f4 18. Qc3 Bb4 19. Qc1 Bb7 20. Nb5 Qb8 21. Nd6+
Bxd6 22. exd6 Qxd6 23. Rd1 Qe7 24. Ba3 Nb4 25. Qd2 a5 26. Qd4 Bc6 27. Qxb6 O-O
28. Nd4 Bxg2 29. Kxg2 f3+ 30. Nxf3 Rxf3 31. Bxf3 Nh4+ 32. Kh1 Nxf3 33. Qb7 Rf8
34. Rxd7 Qf6 35. Rg1 Nxg1 0-1

[Event "GBR-ch 99th"]
[Site "North Shields"]
[Date "2012.07.26"]
[Round "4"]
[White "McDonald, Ian"]
[Black "Hall, David E"]
[Result "0-1"]
[WhiteElo "1876"]
[BlackElo "2103"]
[PlyCount "52"]
[EventDate "2012.07.23"]
[EventType "swiss"]
[EventRounds "11"]
[EventCountry "ENG"]
[Source "John Saunders"]
[SourceDate "2015.07.24"]

1. d4 e6 2. e4 d5 3. Nc3 Nf6 4. Bg5 Be7 5. exd5 exd5 6. Qd2 Bf5 7. O-O-O c6 8.
Re1 O-O 9. Nh3 Nbd7 10. g4 Bg6 11. f4 Be4 12. Nxe4 Nxe4 13. Bxe7 Qxe7 14. Bd3
Qh4 15. Bxe4 Qxh3 16. Bf5 Nb6 17. Re3 Qh4 18. Qe2 Nc4 19. Re7 Qf6 20. Rd1 g6
21. Bd7 Qxf4+ 22. Kb1 Rad8 23. b3 Nd6 24. Rf1 Qxd4 25. g5 Ne4 26. Qd3 Qxd3 0-1

[Event "GBR-ch 99th"]
[Site "North Shields"]
[Date "2012.07.26"]
[Round "4"]
[White "Osborne, Marcus E"]
[Black "Turner, Matthew"]
[Result "1/2-1/2"]
[WhiteElo "2245"]
[BlackElo "2508"]
[PlyCount "47"]
[EventDate "2012.07.23"]
[EventType "swiss"]
[EventRounds "11"]
[EventCountry "ENG"]
[Source "John Saunders"]
[SourceDate "2015.07.24"]

1. d4 d5 2. c4 c6 3. Nc3 Nf6 4. e3 g6 5. Nf3 Bg7 6. Be2 O-O 7. O-O dxc4 8. Bxc4
Nbd7 9. Qe2 c5 10. dxc5 Nxc5 11. Rd1 Qc7 12. e4 Bg4 13. h3 Bxf3 14. Qxf3 Ncxe4
15. Bxf7+ Rxf7 16. Nxe4 Nxe4 17. Qxe4 e6 18. Qxe6 Qc2 19. Rd2 Qa4 20. Re2 Qd1+
21. Re1 Qd4 22. Re2 Qd1+ 23. Re1 Qd4 24. Re2 1/2-1/2

[Event "GBR-ch 99th"]
[Site "North Shields"]
[Date "2012.07.26"]
[Round "4"]
[White "Oswald, Graeme"]
[Black "Surtees, Michael"]
[Result "0-1"]
[WhiteElo "2178"]
[BlackElo "2113"]
[PlyCount "116"]
[EventDate "2012.07.23"]
[EventType "swiss"]
[EventRounds "11"]
[EventCountry "ENG"]
[Source "John Saunders"]
[SourceDate "2015.07.24"]

1. g3 e5 2. Bg2 c6 3. Nf3 f6 4. O-O d5 5. d3 Bc5 6. c3 Bb6 7. e4 Ne7 8. a4 O-O
9. b4 a6 10. Na3 Be6 11. Qe2 Nd7 12. Bb2 Re8 13. Rfd1 Nc8 14. a5 Bc7 15. exd5
cxd5 16. c4 d4 17. c5 Bd5 18. Nc4 Na7 19. Nh4 Nf8 20. Nd6 Bxg2 21. Nxe8 Bd5 22.
Nxc7 Qxc7 23. Nf5 Nb5 24. f4 Qd7 25. Qg4 Be6 26. Qxg7+ Qxg7 27. Nxg7 Kxg7 28.
fxe5 fxe5 29. Re1 Nd7 30. Rf1 Rf8 31. Rxf8 Kxf8 32. Re1 Kg7 33. Kf2 Kf6 34. Bc1
Bf5 35. Ke2 Nc3+ 36. Kd2 Nd5 37. Ba3 Nb8 38. h4 h5 39. Rb1 Nc3 40. Ra1 Nc6 41.
Kc2 e4 42. dxe4 Bxe4+ 43. Kd2 Ne5 44. Rf1+ Nf3+ 45. Kc1 Ke5 46. Bb2 Na2+ 47.
Kd1 Nxb4 48. Rf2 Kd5 49. Bc1 Nd3 50. Ra2 Nxc1 51. Kxc1 Kxc5 52. Rb2 d3 53. Kd1
Bc6 54. Ra2 Kb4 55. g4 hxg4 56. h5 Kb3 57. Rf2 Be4 58. h6 d2 0-1

[Event "GBR-ch 99th"]
[Site "North Shields"]
[Date "2012.07.26"]
[Round "4"]
[White "Rudd, Jack"]
[Black "Wadsworth, Matthew J"]
[Result "1-0"]
[WhiteElo "2295"]
[BlackElo "2037"]
[PlyCount "55"]
[EventDate "2012.07.23"]
[EventType "swiss"]
[EventRounds "11"]
[EventCountry "ENG"]
[Source "John Saunders"]
[SourceDate "2015.07.24"]

1. e4 e6 2. d4 d5 3. Nd2 Nf6 4. e5 Nfd7 5. f4 c5 6. c3 Nc6 7. Ndf3 cxd4 8. cxd4
a5 9. Bd3 a4 10. a3 Nb6 11. Ne2 Na5 12. O-O Nb3 13. Rb1 Nc4 14. Nc3 Bd7 15. f5
Qb6 16. fxe6 Bxe6 17. Kh1 Be7 18. Bxc4 dxc4 19. d5 Bf5 20. d6 Bd8 21. Ng5 Bxg5
22. Bxg5 Be6 23. d7+ Bxd7 24. Rxf7 Kxf7 25. Qxd7+ Kg6 26. Nd5 Qa6 27. h4 h5 28.
Ne7+ 1-0

[Event "GBR-ch 99th"]
[Site "North Shields"]
[Date "2012.07.26"]
[Round "4"]
[White "Sugden, John N"]
[Black "Grattage, Matthew"]
[Result "1/2-1/2"]
[WhiteElo "2142"]
[BlackElo "1986"]
[PlyCount "97"]
[EventDate "2012.07.23"]
[EventType "swiss"]
[EventRounds "11"]
[EventCountry "ENG"]
[Source "John Saunders"]
[SourceDate "2015.07.24"]

1. e4 e5 2. Nf3 Nc6 3. Bb5 Nf6 4. O-O Nxe4 5. d4 Nd6 6. Bxc6 dxc6 7. dxe5 Nf5
8. Qxd8+ Kxd8 9. b3 h6 10. Bb2 Bc5 11. Nbd2 Be6 12. Ne4 Bb6 13. c4 a5 14. h3
Ne7 15. Bd4 Bxd4 16. Nxd4 Bc8 17. f4 b6 18. Rad1 Ke8 19. f5 Rg8 20. f6 Ng6 21.
e6 Ne5 22. fxg7 Rxg7 23. Nf6+ Kf8 24. Nf5 Bxe6 25. Nxg7 Kxg7 26. Nh5+ Kg8 27.
Rfe1 Ng6 28. Kf2 a4 29. Kg3 axb3 30. axb3 Ra3 31. Re3 Bxc4 32. Rd8+ Kh7 33. Rd7
Rxb3 34. Rxb3 Bxb3 35. Rxc7 Ne5 36. Kf4 Nd3+ 37. Ke3 Nb4 38. Rb7 Nd5+ 39. Ke4
Kg6 40. Nf4+ Nxf4 41. Kxf4 b5 42. Ke5 Ba4 43. Rb6 f6+ 44. Kd4 Bd1 45. Rxc6 Be2
46. g3 h5 47. Rb6 Bf1 48. Ke4 Bxh3 49. Rxb5 1/2-1/2

[Event "GBR-ch 99th"]
[Site "North Shields"]
[Date "2012.07.26"]
[Round "4"]
[White "Tambini, Jasper"]
[Black "Burke, Mitchell R"]
[Result "1-0"]
[WhiteElo "1958"]
[BlackElo "1917"]
[PlyCount "91"]
[EventDate "2012.07.23"]
[EventType "swiss"]
[EventRounds "11"]
[EventCountry "ENG"]
[Source "John Saunders"]
[SourceDate "2015.07.24"]

1. e4 c5 2. Nc3 Nc6 3. f4 g6 4. Nf3 Bg7 5. Bb5 Nd4 6. O-O Nxb5 7. Nxb5 d5 8. e5
Bg4 9. h3 Bxf3 10. Qxf3 a6 11. Nc3 e6 12. Ne2 Ne7 13. d4 cxd4 14. Nxd4 Nc6 15.
Be3 Rc8 16. c3 Qd7 17. Nxc6 Rxc6 18. Bd4 Bf8 19. b4 Rc4 20. a3 h5 21. g4 hxg4
22. hxg4 Qd8 23. Kg2 Be7 24. Rh1 Rxh1 25. Rxh1 Kd7 26. Rh7 Qg8 27. Qh3 Rc8 28.
Kf2 a5 29. Ke3 axb4 30. axb4 Ra8 31. Qh6 Bf8 32. Qh1 Be7 33. Rh2 Qc8 34. Qf1
Qc6 35. Rh7 Bxb4 36. f5 Bc5 37. fxe6+ Kc7 38. Rxf7+ Kb6 39. Qb1+ Ka7 40. Qb4
Bxd4+ 41. Qxd4+ Ka6 42. Rd7 b6 43. Rd6 Qb5 44. Rxd5 Qb1 45. Qa4+ Kb7 46. Rd7+
1-0

[Event "GBR-ch 99th"]
[Site "North Shields"]
[Date "2012.07.26"]
[Round "4"]
[White "Walker, David"]
[Black "Bhatia, Kanwal K"]
[Result "1-0"]
[WhiteElo "2276"]
[BlackElo "2103"]
[PlyCount "103"]
[EventDate "2012.07.23"]
[EventType "swiss"]
[EventRounds "11"]
[EventCountry "ENG"]
[Source "John Saunders"]
[SourceDate "2015.07.24"]

1. c4 e5 2. g3 Nc6 3. Bg2 Bc5 4. Nc3 d6 5. e3 Nge7 6. Nge2 a6 7. O-O O-O 8. a3
Ba7 9. b4 f5 10. Nd5 Nxd5 11. cxd5 Ne7 12. d4 e4 13. Qb3 Kh8 14. f3 exf3 15.
Rxf3 Ng6 16. Bd2 Bd7 17. Raf1 Bb5 18. R1f2 Qe7 19. Bf1 Rae8 20. Qc2 c5 21. dxc6
Bxc6 22. Rxf5 Rxf5 23. Qxf5 Rf8 24. Qg4 Rxf2 25. Kxf2 Bd7 26. Qh5 Nf8 27. Nf4
Be8 28. Qf5 Bd7 29. Qh5 Be8 30. Qf3 Bc6 31. Nd5 Qe8 32. Bd3 Bd7 33. Nc7 Qc8 34.
Be4 Bc6 35. Bxc6 bxc6 36. Qf7 Bb6 37. Ne8 Ne6 38. Nxd6 Qg8 39. Qxg8+ Kxg8 40.
Ke2 Kf8 41. Ne4 Ke7 42. Kd3 Nc7 43. Kc4 h6 44. Nc5 g5 45. e4 Kd6 46. h4 gxh4
47. gxh4 h5 48. Bg5 Bxc5 49. Bf4+ Kd7 50. Bxc7 Be7 51. Bg3 Ke6 52. a4 1-0

[Event "GBR-ch 99th"]
[Site "North Shields"]
[Date "2012.07.26"]
[Round "4"]
[White "Walker, Nicholas P"]
[Black "Conquest, Stuart"]
[Result "1/2-1/2"]
[WhiteElo "2179"]
[BlackElo "2501"]
[PlyCount "115"]
[EventDate "2012.07.23"]
[EventType "swiss"]
[EventRounds "11"]
[EventCountry "ENG"]
[Source "John Saunders"]
[SourceDate "2015.07.24"]

1. e4 c5 2. Nf3 e6 3. d4 cxd4 4. Nxd4 Nc6 5. Nxc6 bxc6 6. Be2 Nf6 7. Qd4 d6 8.
O-O e5 9. Qa4 Bd7 10. Bg5 Be7 11. Nd2 O-O 12. Rad1 Re8 13. c4 Qc7 14. Qc2 Rab8
15. h3 Be6 16. b3 a5 17. f4 h6 18. Bh4 exf4 19. Bxf6 Bxf6 20. Rxf4 Qa7+ 21. c5
Bd4+ 22. Kh1 Bxc5 23. Nc4 Rbd8 24. Bg4 Qc7 25. Bxe6 Rxe6 26. Rf5 Rde8 27. Rdf1
Rxe4 28. Rxf7 Qxf7 29. Rxf7 Kxf7 30. Nd2 Rf4 31. Nf3 Re6 32. a3 Rfe4 33. Qc3
Re3 34. Qxa5 Rxb3 35. Qc7+ Kf6 36. a4 Be3 37. Qd8+ Kg6 38. Qf8 Rb1+ 39. Kh2 Rb4
40. h4 Bf4+ 41. Kh3 h5 42. a5 Ra4 43. a6 Ree4 44. Qc8 Ra1 45. g4 hxg4+ 46.
Qxg4+ Kf6 47. h5 Rea4 48. Qg6+ Ke7 49. Qxg7+ Ke6 50. Qg8+ Ke7 51. h6 Bxh6 52.
Qh7+ Kd8 53. Qxh6 Kc7 54. Qg7+ Kb6 55. Qb7+ Kc5 56. Qa7+ Kd5 57. Qf7+ Kc5 58.
Qa7+ 1/2-1/2

[Event "GBR-ch 99th"]
[Site "North Shields"]
[Date "2012.07.26"]
[Round "4"]
[White "Waters, Clive L"]
[Black "Hanley, James L"]
[Result "0-1"]
[WhiteElo "2106"]
[BlackElo "2244"]
[PlyCount "108"]
[EventDate "2012.07.23"]
[EventType "swiss"]
[EventRounds "11"]
[EventCountry "ENG"]
[Source "John Saunders"]
[SourceDate "2015.07.24"]

1. Nf3 Nf6 2. c4 e6 3. Nc3 d5 4. cxd5 exd5 5. d4 Be7 6. Bg5 O-O 7. e3 Re8 8.
Qc2 c5 9. dxc5 Nc6 10. Be2 Qa5 11. O-O Qxc5 12. Rfd1 Be6 13. Rac1 Qa5 14. Qa4
Qxa4 15. Nxa4 h6 16. Bf4 d4 17. Nxd4 Nxd4 18. Rxd4 Bxa2 19. Bf3 Bb3 20. h3 Rac8
21. Rxc8 Rxc8 22. Bxb7 Rc1+ 23. Kh2 Rc2 24. f3 a5 25. Be5 Re2 26. e4 Bxa4 27.
Rxa4 Nd7 28. Ba6 Rc2 29. Bc3 Bd6+ 30. Kg1 Bc5+ 31. Kf1 Rf2+ 32. Ke1 Rxg2 33.
Rxa5 Rxb2 34. Bc8 Rc2 35. Bd2 Ne5 36. Ra8 Nxf3+ 37. Ke2 Rxd2+ 38. Kxf3 Rf2+ 39.
Kg3 g6 40. e5 Kg7 41. e6 f5 42. h4 f4+ 43. Kh3 Kf6 44. Ra5 Bd6 45. Rd5 Be7 46.
Bd7 h5 47. Be8 Rf3+ 48. Kh2 Kxe6 49. Rb5 Rg3 50. Ra5 Bd6 51. Ra6 Rg4 52. Kh3 f3
53. Bb5 f2 54. Be2 Rg3+ 0-1

[Event "GBR-ch 99th"]
[Site "North Shields"]
[Date "2012.07.26"]
[Round "4"]
[White "Weller, Jean Luc"]
[Black "Hanley, Craig"]
[Result "0-1"]
[WhiteElo "2115"]
[BlackElo "2419"]
[PlyCount "88"]
[EventDate "2012.07.23"]
[EventType "swiss"]
[EventRounds "11"]
[EventCountry "ENG"]
[Source "John Saunders"]
[SourceDate "2015.07.24"]

1. d4 Nf6 2. c4 g6 3. Nc3 d5 4. Nf3 Bg7 5. Qb3 dxc4 6. Qxc4 O-O 7. e4 b6 8. Bf4
c5 9. dxc5 Be6 10. Qb5 Bd7 11. Qc4 Be6 12. Qb5 Qc8 13. cxb6 axb6 14. Rc1 Qb7
15. e5 Nd5 16. Nxd5 Bxd5 17. Be2 Ra5 18. Qd3 Rxa2 19. Qd4 Na6 20. O-O Nc5 21.
Qe3 Rxb2 22. Rb1 Ra2 23. Rb4 Rfa8 24. Rfb1 Ra1 25. Qc1 Rxb1 26. Qxb1 Be4 27.
Qb2 Qa7 28. h3 Qa1+ 29. Kh2 Bxf3 30. Qxa1 Rxa1 31. gxf3 Ra2 32. Bc4 Rxf2+ 33.
Kg3 Rc2 34. Bd5 e6 35. Bc6 Nd3 36. Rxb6 Bxe5 37. Bxe5 Nxe5 38. Be4 Rc5 39. h4
Kg7 40. Rb7 Nc4 41. Rd7 Nb6 42. Rb7 Nd5 43. Bd3 Rc7 44. Rb8 Nf6 0-1

[Event "GBR-ch 99th"]
[Site "North Shields"]
[Date "2012.07.26"]
[Round "4"]
[White "Whitfield, Craig M"]
[Black "Brown, Martin"]
[Result "1/2-1/2"]
[WhiteElo "2020"]
[BlackElo "2224"]
[PlyCount "63"]
[EventDate "2012.07.23"]
[EventType "swiss"]
[EventRounds "11"]
[EventCountry "ENG"]
[Source "John Saunders"]
[SourceDate "2015.07.24"]

1. d4 Nf6 2. Nf3 g6 3. Nbd2 d5 4. b4 Bg7 5. e3 b6 6. Bb2 O-O 7. c4 c6 8. Be2
Bf5 9. O-O Nbd7 10. Qb3 Re8 11. cxd5 cxd5 12. Bb5 Rf8 13. Rfc1 Nb8 14. Ne5 Qd6
15. Ba3 a6 16. Bc6 Nxc6 17. Rxc6 Qd8 18. b5 Nd7 19. bxa6 Nxe5 20. dxe5 Bxe5 21.
Rd1 Rxa6 22. Nf3 Bg7 23. Bc5 Qa8 24. Rxb6 Rxb6 25. Qxb6 Rb8 26. Qa7 Qxa7 27.
Bxa7 Ra8 28. Bc5 Rxa2 29. Bxe7 Bc2 30. Rc1 Bb2 31. Re1 Bc3 32. Rc1 1/2-1/2

[Event "GBR-ch 99th"]
[Site "North Shields"]
[Date "2012.07.27"]
[Round "5"]
[White "Batchelor, Peter"]
[Black "Walker, David"]
[Result "1/2-1/2"]
[WhiteElo "2103"]
[BlackElo "2276"]
[PlyCount "51"]
[EventDate "2012.07.23"]
[EventType "swiss"]
[EventRounds "11"]
[EventCountry "ENG"]
[Source "John Saunders"]
[SourceDate "2015.07.24"]

1. d4 d6 2. Nf3 Bg4 3. e4 e6 4. c4 Nd7 5. Be2 g6 6. Nc3 Bg7 7. Be3 Ne7 8. Qd2
d5 9. h3 Bxf3 10. gxf3 dxc4 11. Bh6 Bxh6 12. Qxh6 Nc6 13. O-O-O Qf6 14. Qe3
O-O-O 15. d5 exd5 16. Nxd5 Qh4 17. Bxc4 Nce5 18. Bb3 c6 19. Qxa7 cxd5 20. exd5
Qb4 21. f4 Nc4 22. Rd4 Ndb6 23. Bxc4 Nxc4 24. Qa3 Nxa3 25. Rxb4 Rxd5 26. bxa3
1/2-1/2

[Event "GBR-ch 99th"]
[Site "North Shields"]
[Date "2012.07.27"]
[Round "5"]
[White "Brown, Martin"]
[Black "Grattage, Matthew"]
[Result "0-1"]
[WhiteElo "2224"]
[BlackElo "1986"]
[PlyCount "110"]
[EventDate "2012.07.23"]
[EventType "swiss"]
[EventRounds "11"]
[EventCountry "ENG"]
[Source "John Saunders"]
[SourceDate "2015.07.24"]

1. e4 e5 2. Nf3 Nc6 3. d4 exd4 4. Nxd4 Bc5 5. Be3 Qf6 6. c3 Qg6 7. Qf3 Nf6 8.
Nb5 Bxe3 9. Qxe3 Kd8 10. f3 Re8 11. Nd2 d5 12. O-O-O Bd7 13. c4 dxe4 14. Qf4
Rc8 15. Nxe4 Nxe4 16. fxe4 Rxe4 17. Qd2 Qg4 18. Bd3 Re5 19. Rhe1 a6 20. Na7
Rxe1 21. Nxc6+ bxc6 22. Rxe1 h6 23. Kb1 Qd4 24. Re4 Qg1+ 25. Kc2 Rb8 26. Re3
Qxh2 27. c5 Qh5 28. Kb1 Qxc5 29. Bxa6 Qd5 30. Qe2 Be6 31. b3 Rb4 32. Kc1 Rd4
33. Bc4 Qc5 34. Kb2 Qd6 35. Kc1 Qa3+ 36. Kb1 Bf5+ 37. Bd3 Rxd3 38. Rxd3+ Qd6
39. Kc2 Bxd3+ 40. Qxd3 Qxd3+ 41. Kxd3 Kc8 42. Kd4 Kb7 43. Kc5 h5 44. Kd4 Kb6
45. Ke5 Kb5 46. a4+ Kb4 47. Kd4 c5+ 48. Kd5 c4 49. bxc4 Kxa4 50. Kc6 Kb4 51.
Kxc7 Kc5 52. Kd7 g5 53. Ke7 h4 54. Kf6 g4 55. Kg5 h3 0-1

[Event "GBR-ch 99th"]
[Site "North Shields"]
[Date "2012.07.27"]
[Round "5"]
[White "Burnett, Jim"]
[Black "Elwin, Adrian G"]
[Result "1-0"]
[WhiteElo "2174"]
[BlackElo "1985"]
[PlyCount "71"]
[EventDate "2012.07.23"]
[EventType "swiss"]
[EventRounds "11"]
[EventCountry "ENG"]
[Source "John Saunders"]
[SourceDate "2015.07.24"]

1. d4 Nf6 2. c4 g6 3. g3 Bg7 4. Bg2 O-O 5. Nc3 d6 6. Nf3 c6 7. O-O Nbd7 8. e4
e5 9. h3 Qc7 10. Be3 a6 11. Rc1 Rd8 12. Re1 Nf8 13. d5 c5 14. b4 N8d7 15. bxc5
Nxc5 16. Qc2 Bd7 17. Nd2 Qc8 18. Kh2 Nh5 19. Nb3 b6 20. Rb1 Nxb3 21. Qxb3 b5
22. cxb5 axb5 23. Bf1 f5 24. Nxb5 f4 25. Bb6 Rf8 26. Nxd6 fxg3+ 27. fxg3 Qb8
28. Nc4 Rc8 29. Rb2 Nf6 30. Qe3 h5 31. Reb1 h4 32. gxh4 Nxd5 33. exd5 Bf5 34.
Ba5 Bxb1 35. Rxb8 Raxb8 36. d6 1-0

[Event "GBR-ch 99th"]
[Site "North Shields"]
[Date "2012.07.27"]
[Round "5"]
[White "Chapman, Terry PD"]
[Black "Walker, Nicholas P"]
[Result "1-0"]
[WhiteElo "2290"]
[BlackElo "2179"]
[PlyCount "75"]
[EventDate "2012.07.23"]
[EventType "swiss"]
[EventRounds "11"]
[EventCountry "ENG"]
[Source "John Saunders"]
[SourceDate "2015.07.24"]

1. Nf3 d5 2. d4 Bg4 3. Nbd2 Nc6 4. h3 Bh5 5. c3 Nf6 6. g4 Bg6 7. Nh4 e6 8. Nxg6
hxg6 9. Bg2 Bd6 10. e3 g5 11. Qb3 Rb8 12. c4 Na5 13. Qa4+ c6 14. cxd5 b5 15.
Qd1 cxd5 16. b3 Rc8 17. Bb2 Nc6 18. a3 a5 19. Qe2 Qb6 20. Rc1 b4 21. a4 Kd7 22.
Qd3 Rc7 23. Ke2 Nb8 24. Rxc7+ Bxc7 25. Rc1 Qa6 26. Qxa6 Nxa6 27. Bf1 Bd6 28.
Kf3 Nc7 29. Kg2 Ng8 30. Nf3 f6 31. Ne1 Ne7 32. Nd3 Rb8 33. Nc5+ Ke8 34. f3 Kf7
35. Kf2 Rb6 36. Be2 Rc6 37. Nb7 Ne8 38. Nd8+ 1-0

[Event "GBR-ch 99th"]
[Site "North Shields"]
[Date "2012.07.27"]
[Round "5"]
[White "Conquest, Stuart"]
[Black "Adair, James"]
[Result "1-0"]
[WhiteElo "2501"]
[BlackElo "2262"]
[PlyCount "73"]
[EventDate "2012.07.23"]
[EventType "swiss"]
[EventRounds "11"]
[EventCountry "ENG"]
[Source "John Saunders"]
[SourceDate "2015.07.24"]

1. b3 d5 2. e3 Nf6 3. Bb2 c5 4. Nf3 e6 5. d4 Nc6 6. Bd3 Qa5+ 7. c3 Be7 8. O-O
O-O 9. Nbd2 Qc7 10. c4 dxc4 11. Nxc4 Nb4 12. Be2 Rd8 13. Qb1 cxd4 14. Nxd4 Bd7
15. a3 Nbd5 16. b4 Nb6 17. Nxb6 Qxb6 18. Rc1 Rac8 19. Rxc8 Rxc8 20. Qd3 Qd6 21.
Rd1 Bf8 22. Qb3 Qb8 23. g3 Rd8 24. b5 Be8 25. a4 Nd7 26. Qc2 Rc8 27. Qb1 Nc5
28. Qa1 Bd7 29. Nf3 a6 30. Ng5 axb5 31. Qb1 g6 32. axb5 Rd8 33. Qc2 h6 34. Nxf7
Kxf7 35. Bh5 Ke7 36. Qxc5+ Kf7 37. Qc2 1-0

[Event "GBR-ch 99th"]
[Site "North Shields"]
[Date "2012.07.27"]
[Round "5"]
[White "Gordon, Stephen J"]
[Black "Osborne, Marcus E"]
[Result "1-0"]
[WhiteElo "2539"]
[BlackElo "2245"]
[PlyCount "57"]
[EventDate "2012.07.23"]
[EventType "swiss"]
[EventRounds "11"]
[EventCountry "ENG"]
[Source "John Saunders"]
[SourceDate "2015.07.24"]

1. d4 e6 2. c4 Nf6 3. Nc3 Bb4 4. Qc2 c5 5. dxc5 O-O 6. a3 Bxc5 7. Nf3 b6 8. Bf4
Bb7 9. Rd1 Nh5 10. Bc1 f5 11. g3 Nf6 12. Bg2 Ne4 13. O-O Qc8 14. Bf4 Be7 15.
Nb5 Nc6 16. Nd6 Bxd6 17. Bxd6 Re8 18. b4 Nxd6 19. Rxd6 Ne7 20. Qd2 Rd8 21. Rd1
a5 22. b5 Bxf3 23. Bxf3 Ra7 24. Rxe6 Qc5 25. Rd6 Qxa3 26. Rxb6 Qc5 27. Qd6 Qxd6
28. Rbxd6 Rc7 29. b6 1-0

[Event "GBR-ch 99th"]
[Site "North Shields"]
[Date "2012.07.27"]
[Round "5"]
[White "Hall, David E"]
[Black "Shaw, Robert"]
[Result "0-1"]
[WhiteElo "2103"]
[BlackElo "2220"]
[PlyCount "114"]
[EventDate "2012.07.23"]
[EventType "swiss"]
[EventRounds "11"]
[EventCountry "ENG"]
[Source "John Saunders"]
[SourceDate "2015.07.24"]

1. d4 Nf6 2. Nf3 g6 3. Bf4 Bg7 4. e3 c5 5. c3 b6 6. h3 O-O 7. Nbd2 d6 8. a4
cxd4 9. exd4 Bb7 10. Be2 Nbd7 11. O-O Re8 12. Nc4 Rc8 13. Ne3 Nh5 14. Bh2 e5
15. dxe5 dxe5 16. Nd5 e4 17. Ne1 Nc5 18. Ne3 Qxd1 19. Nxd1 Nb3 20. Ra3 Nd2 21.
Nc2 Nxf1 22. Kxf1 Be5 23. Bxe5 Rxe5 24. g3 Ng7 25. Nde3 Rd8 26. Nd4 Ne8 27. Nc4
Rc5 28. Ke1 Ba6 29. Ne3 Bxe2 30. Kxe2 Nd6 31. b4 Rcc8 32. b5 Nc4 33. Nxc4 Rxc4
34. Nc6 Rd3 35. Nxa7 Rcxc3 36. Ra2 Ra3 37. Rc2 Rxa4 38. Nc8 Rb4 39. Nxb6 Rxb5
40. Na4 f5 41. Nc5 Ra3 42. Ne6 h6 43. h4 Kf7 44. Nd4 Rd5 45. Nc6 Kf6 46. Nb4
Rd6 47. Rc5 Ke6 48. Rc2 g5 49. hxg5 hxg5 50. Nc6 f4 51. gxf4 gxf4 52. Kf1 Ra6
53. Nb4 Ra1+ 54. Kg2 Kf5 55. f3 Rg6+ 56. Kh2 exf3 57. Rc5+ Kg4 0-1